[Event "Kireevsk"]
[Site "Kireevsk"]
[Date "2006.12.29"]
[Round "12"]
[White "Kalinichev, Andrey"]
[Black "Ivanov, Igor Y"]
[Result "1/2-1/2"]
[WhiteElo "2356"]
[BlackElo "2351"]
[PlyCount "47"]
[EventDate "2006.12.23"]
[EventType "tourn"]
[EventRounds "13"]
[EventCountry "RUS"]
[EventCategory "5"]
[SourceTitle "EXT 2019"]
[Source "ChessBase"]
[SourceDate "2018.10.10"]
[SourceVersion "1"]
[SourceVersionDate "2018.10.10"]
[SourceQuality "1"]

1. e4 e6 2. d4 d5 3. exd5 exd5 4. Bd3 Bd6 5. Ne2 Ne7 6. 0-0 0-0 7. Bf4 Bf5 8. c3 c6 9. Bxd6 Qxd6 10. Ng3 Bxd3 11. Qxd3 Nd7 12. Nd2 Qg6 13. Qxg6 Nxg6 14. Rfe1 Rfe8 15. Nf5 Nf6 16. Nb3 b6 17. f3 Re6 18. g3 Rae8 19. Kf2 Nf8 20. Ne3 R6e7 21. Nc2 Ne6 22. Nb4 Rc7 23. Nd3 a5 24. a4 1/2-1/2

[Event "Kireevsk"]
[Site "Kireevsk"]
[Date "2006.12.26"]
[Round "6"]
[White "Gusev, Aleksey"]
[Black "Ivanov, Igor Y"]
[Result "1/2-1/2"]
[WhiteElo "2382"]
[BlackElo "2351"]
[PlyCount "59"]
[EventDate "2006.12.23"]
[EventType "tourn"]
[EventRounds "13"]
[EventCountry "RUS"]
[EventCategory "5"]
[SourceTitle "EXT 2019"]
[Source "ChessBase"]
[SourceDate "2018.10.10"]
[SourceVersion "1"]
[SourceVersionDate "2018.10.10"]
[SourceQuality "1"]

1. e4 c5 2. c3 d6 3. d4 Nf6 4. dxc5 Nc6 5. f3 d5 6. exd5 Nxd5 7. Bc4 e6 8. Bxd5 exd5 9. Be3 Bf5 10. Ne2 Qe7 11. Bf2 0-0-0 12. 0-0 Qf6 13. b4 h5 14. Nd4 h4 15. Nxf5 Qxf5 16. Bd4 h3 17. g4 Qg5 18. Qd2 Be7 19. a4 Nxd4 20. cxd4 Rhe8 21. Ra2 f5 22. Qxg5 Bxg5 23. gxf5 Be3+ 24. Kh1 Bxd4 25. Rd2 Bf6 26. Rd3 Re2 27. Nd2 d4 28. f4 Re3 29. Rf3 Re1+ 30. Rf1 1/2-1/2

[Event "Kireevsk"]
[Site "Kireevsk"]
[Date "2006.12.24"]
[Round "2"]
[White "Arakeljan, Armen M"]
[Black "Ivanov, Igor Y"]
[Result "1-0"]
[WhiteElo "2293"]
[BlackElo "2351"]
[PlyCount "63"]
[EventDate "2006.12.23"]
[EventType "tourn"]
[EventRounds "13"]
[EventCountry "RUS"]
[EventCategory "5"]
[SourceTitle "EXT 2019"]
[Source "ChessBase"]
[SourceDate "2018.10.10"]
[SourceVersion "1"]
[SourceVersionDate "2018.10.10"]
[SourceQuality "1"]

1. d4 d5 2. c4 dxc4 3. e4 e5 4. Nf3 exd4 5. Bxc4 Nc6 6. 0-0 Be6 7. Bxe6 fxe6 8. Qb3 Qd7 9. Qxb7 Rb8 10. Qa6 Nf6 11. Nbd2 Bd6 12. Qd3 0-0 13. a3 Ng4 14. h3 Nge5 15. Nxe5 Bxe5 16. b4 Bf6 17. Nf3 Ne5 18. Nxe5 Bxe5 19. f4 Bf6 20. e5 Be7 21. Be3 Rfd8 22. Bf2 c5 23. f5 cxb4 24. f6 Bc5 25. Rac1 Qd5 26. f7+ Kh8 27. Bh4 Rf8 28. Qc4 Qxc4 29. Rxc4 Rb5 30. a4 d3+ 31. Kh2 Ra5 32. Bd8 1-0

[Event "Kireevsk"]
[Site "Kireevsk"]
[Date "2006.12.24"]
[Round "3"]
[White "Ivanov, Igor Y"]
[Black "Novikov, Maxim"]
[Result "0-1"]
[WhiteElo "2351"]
[BlackElo "2500"]
[PlyCount "86"]
[EventDate "2006.12.23"]
[EventType "tourn"]
[EventRounds "13"]
[EventCountry "RUS"]
[EventCategory "5"]
[SourceTitle "EXT 2019"]
[Source "ChessBase"]
[SourceDate "2018.10.10"]
[SourceVersion "1"]
[SourceVersionDate "2018.10.10"]
[SourceQuality "1"]

1. e4 e5 2. Nf3 Nc6 3. Bb5 d6 4. d4 Bd7 5. Nc3 Nf6 6. 0-0 Be7 7. Re1 exd4 8. Nxd4 Nxd4 9. Bxd7+ Nxd7 10. Qxd4 0-0 11. Nd5 Bf6 12. Nxf6+ Qxf6 13. Qxf6 Nxf6 14. f3 Nd7 15. Bf4 f5 16. exf5 Rxf5 17. Bg3 Kf7 18. Re2 Re8 19. Rae1 Rxe2 20. Rxe2 Ne5 21. Bxe5 Rxe5 22. Rxe5 dxe5 23. Kf2 Ke6 24. Ke3 Kd5 25. c3 b5 26. g3 a5 27. h4 c5 28. Kd3 c4+ 29. Ke3 g6 30. f4 h5 31. fxe5 Kxe5 32. a3 Kf5 33. Kd4 Kg4 34. Kc5 Kxg3 35. Kxb5 Kxh4 36. Kxc4 Kg4 37. b4 h4 38. bxa5 h3 39. a6 h2 40. Kb5 h1Q 41. c4 Qb1+ 42. Kc6 Qd3 43. Kb5 Qb3+ 0-1

[Event "Kireevsk"]
[Site "Kireevsk"]
[Date "2006.12.23"]
[Round "1"]
[White "Ivanov, Igor Y"]
[Black "Krasnov, Yury A"]
[Result "1/2-1/2"]
[WhiteElo "2351"]
[BlackElo "2313"]
[PlyCount "65"]
[EventDate "2006.12.23"]
[EventType "tourn"]
[EventRounds "13"]
[EventCountry "RUS"]
[EventCategory "5"]
[SourceTitle "EXT 2019"]
[Source "ChessBase"]
[SourceDate "2018.10.10"]
[SourceVersion "1"]
[SourceVersionDate "2018.10.10"]
[SourceQuality "1"]

1. e4 e5 2. Nf3 Nc6 3. Bb5 a6 4. Ba4 Nf6 5. 0-0 b5 6. Bb3 Bb7 7. Re1 Bc5 8. c3 d6 9. d4 exd4 10. cxd4 Bb4 11. Nc3 Na5 12. e5 dxe5 13. Rxe5+ Be7 14. Bc2 0-0 15. Re1 Re8 16. Bg5 Qd6 17. Qd3 g6 18. Ne5 Nc6 19. Bxf6 Qxf6 20. Nxc6 Bxc6 21. Re5 Bd6 22. Ne4 Bxe4 23. Rxe4 c5 24. Rae1 Rxe4 25. Rxe4 Rd8 26. a4 bxa4 27. g3 cxd4 28. Qxd4 Qxd4 29. Rxd4 Rc8 30. Bd3 a3 31. bxa3 Bxa3 32. Bxa6 Rc2 33. Rc4 1/2-1/2